| 000 | 00943nam a2200241 a 4500 | ||
|---|---|---|---|
| 999 |
_c11701 _d11701 |
||
| 001 | 11701 | ||
| 003 | BD-JhCC | ||
| 005 | 20221124134023.0 | ||
| 008 | 200723b2020 bg |||| ||a| 00| 0 ben d | ||
| 020 | _a9789845250948 | ||
| 035 | _a(BD-JhCC)11701 | ||
| 040 |
_aBD-JhCC _dBD-JhCC |
||
| 041 | _aben | ||
| 082 |
_a530 _bKAK 2020 |
||
| 100 | _aকাকু, মচিও | ||
| 245 |
_aফিজিকস অব দ্য ইমপসিবল: _bফেজার, ফোর্স ফিল্ড, টেলিপোর্টেশন ও টাইম ট্রাভেলের জগত বৈজ্ঞানিক অভিযান / _cমচিও কাকু, অনু: আবুল বাসার । |
||
| 260 |
_aঢাকা: _bপ্রথমা প্রকাশন; _c২০২০. |
||
| 300 |
_a359 p. : _c22 cm. |
||
| 650 | _aPhysics | ||
| 700 | _aবাসার,আবুল | ||
| 942 |
_2ddc _cBK _03 |
||